Statistics for Star Wars Species by Picture

Click here to take the quiz!

General Stats

  • This quiz has been taken 29 times
  • The average score is 9 of 15

Answer Stats

Answer% Correct
Human
96%
Ewok
92%
Gungan
92%
Wookie
92%
Kaminoan
77%
Twi'lek
77%
Rodian
65%
Zabrak
62%
Duros
50%
Togruta
50%
Ugnaught
35%
Weequay
35%
Pau'an
31%
Anzellan
23%
Aki-Aki
8%

Score Distribution

Percentile by Number Answered

Percent of People with Each Score

Your Score History

You have not taken this quiz